Les Enfoirés 2022 : Toutes les chansons - Statistiques

Statistiques générales
  • Ce quiz a été pris 51 fois
  • Le résultat moyen est 18 sur 25
Statistiques - réponses
Hint Réponse % Correct
5) Le reste
100%
7) Dieu m'a donné la foi
90%
12) Dingue
90%
2) En apesanteur
90%
11) La Seine
90%
1) Plus haut
90%
17) Châtelet les Halles
80%
24) Il y aura toujours un rendez vous
80%
10) Je reviens te chercher
80%
25) La chanson des Restos
80%
4) Ordinaire
80%
21) Beau malheur
70%
16) Beau-papa
70%
9) Beggin'
70%
14) Il changeait la vie
70%
23) Un endroit pour vivre
70%
18) Cher ami
60%
6) Derrière le brouillard
60%
15) Diamonds
60%
20) Fuir le bonheur de peur qu'il ne se sauve
60%
8) Katchi
60%
22) Question de feeling
60%
13) Voilà
60%
19) Le mambo du décalco
50%
3) Tous les Enfoirés (Les lacs du Connemara)
50%
Aucun quiz correspondant
Distribution des résultats
% des personnes avec chaque résultat
Percentile par nombre de réponses
Votre historique - résultats
Vous n’avez pas pris ce quiz